| 000 | 01103nam a2200241Ia 4500 | ||
|---|---|---|---|
| 999 |
_c38292 _d38292 |
||
| 001 | 4302 | ||
| 003 | GE_BSU | ||
| 005 | 20191010124009.0 | ||
| 008 | 181216s1979||||ge |||||||||||||| ||geo|| | ||
| 040 | _cGE_BSU | ||
| 041 | _ageo | ||
| 080 | _a821.353.1-91.09 ს-24 | ||
| 100 |
_aსამუშია, კალისტრატე _94059 |
||
| 245 |
_aქართული ხალხური პოეზიის საკითხები : _bმეგრ. ნიმუშების მიხედვით / _cრედ. იოსებ მეგრელიძე. |
||
| 264 |
_aთბ. : _bმეცნიერება, _c1979. |
||
| 300 |
_a182 გვ. ; _b21სმ. |
||
| 500 | _a შენიშვ.: გვ. 177-180. | ||
| 653 | _aქართული ხალხური პოეზია; | ||
| 653 | _aმეგრული პოეზია; | ||
| 700 |
_aმეგრელიძე, იოსებ _eრედაქტორი _9114 |
||
| 710 |
_aზუგდიდის სახ. ისტ.-ეთნოგრ. მუზეუმი. _94673 |
||
| 942 |
_cBK _2udc |
||